Game of Thrones: Ultimate Nickname Quiz - Statistics

General Stats
  • This quiz has been taken 304 times
  • The average score is 23 of 34
Answer Stats
Hint Answer % Correct
The Hound Sandor Clegane
89%
Littlefinger Petyr Baelish
88%
The Young Wolf Robb Stark
87%
The Imp Tyrion Lannister
87%
The Onion Knight Davos Seaworth
86%
The Stag King Robert Baratheon
86%
The Lioness Cersei Lannister
85%
The Mountain Gregor Clegane
85%
The Red Woman Melisandre
85%
The Kingslayer Jaime Lannister
83%
Reek Theon Greyjoy
83%
The Spider Varys
83%
The Mother of Dragons Daenerys Targaryen
81%
The Bastard of Bolton Ramsay Bolton
81%
The White Wolf Jon Snow
78%
The Mad King Aerys Targaryen
77%
The Red Viper Oberyn Martell
75%
The Boy King Tommen Baratheon
74%
The Queen of Thorns Olenna Tyrell
73%
The Beauty Brienne of Tarth
63%
The Knight of Flowers Loras Tyrell
60%
The Beggar King Viserys Targaryen
60%
The Sword of the Morning Arthur Dayne
59%
The Blackfish Brynden Tully
59%
The White Bull Gerold Hightower
59%
The Old Bear Jeor Mormont
59%
The King Beyond the Wall Mance Rayder
59%
The Illborn Joffrey Baratheon
57%
The Bold Barristan Selmy
50%
The Lightning Lord Beric Dondarrion
44%
The Leech Lord Roose Bolton
38%
The Warrior of Light Stannis Baratheon
38%
The Slayer Samwell Tarly
30%
Legend of Gin Alley Karl Tanner
12%
No matching quizzes found
Score Distribution
Percent of People with Each Score
Percentile by Number Answered
Your Score History
You have not taken this quiz